| 000 | 00976nam0a22002891 4500 | ||
|---|---|---|---|
| 001 | v19\rc\1392259 | ||
| 005 | 20250618093956.0 | ||
| 035 | _a(NLR Aleph) 004524249 | ||
| 090 |
_a4898087 _c4898087 |
||
| 100 | _a20060512d1868 |||y0rusy50 ca | ||
| 101 | 1 |
_arus _cger |
|
| 102 | _aRU | ||
| 105 | _aa z ||||| | ||
| 200 | 1 |
_aКраткое руководство к технологии _f[Соч.] Т. Гердинга, дир. Технол. ин-та в Геттингене _gПер. с нем. М. Ланчинский |
|
| 210 |
_aСанкт-Петербург _cО.И. Бакст _d1868 |
||
| 215 |
_a[4], IV, 340 с. _cил. _d21 |
||
| 700 | 1 |
_aГердинг _bТ. _gТеодор |
|
| 702 | 1 |
_aЛанчинский _bМ. _4730 |
|
| 801 | 0 |
_aRU _bNLR _gpsbo |
|
| 801 | 0 |
_aRU _bRuMoRGB _2psbo |
|
| 801 | 1 |
_aRU _bProSoft-M _2rusmarc |
|
| 852 |
_aNLR _j18.104.3.53 |
||
| 899 |
_aRuMoRGB _jW 528/171 |
||
| 899 |
_aRuMoRGB _jW 242/695 |
||
| 899 | _aБАН | ||
| 942 | _cBOOK | ||
| 980 | _aNB | ||